| 000 | 01327nam a22002897a 4500 | ||
|---|---|---|---|
| 003 | DO-SdBNP | ||
| 005 | 20240228141806.0 | ||
| 007 | ta | ||
| 008 | 210910e2009 dr ao||er|||| 001 edspa d | ||
| 020 | _a9789945442465 | ||
| 040 |
_aDO-SdBNP _bspa _cBNPHU |
||
| 082 | 4 |
_222 _bM433s _a972.9375 |
|
| 100 | 1 |
_aMatos Díaz, Eduardo _921060 |
|
| 245 | 1 | 0 |
_aSanto Domingo de ayer : _b vida, costumbres y acontecimientos / _cEduardo Matos Díaz. |
| 250 | _a3a. ed. | ||
| 260 |
_aSanto Domingo : _bTaller, _c2009. |
||
| 300 |
_a258 p. : _bil., retrs. ; _c21 cm. |
||
| 490 | 1 | _aBiblioteca Taller | |
| 500 | _aIncluye datos biográficos del autor en la contracubierta | ||
| 505 | 0 |
_tPrólogo.-- _tLa ciudad.-- _tLas casas.-- _tLa escuela.-- _tLos cines y teatros.-- _tCentros sociales.-- _tLa tiendas y el comercio.-- _tLos médicos.-- _tLos entierros.-- _tEl carnaval y las fiestas.-- _tPleitos y maldades.-- _tLos enamorados.-- _tLos trajes.-- _tLa policía.-- _tAcontecimientos de la época.-- _tRevistas y periódicos.-- _tLos juegos. |
|
| 590 | _aInventariado 2021 / MF | ||
| 651 | 4 |
_aSanto Domingo (República Dominicana) _xVida social y costumbres _91895 |
|
| 651 | 4 |
_aSanto Domingo (República Dominicana) _xHistoria local _91894 |
|
| 830 | 0 |
_aBiblioteca Taller _9164 |
|
| 910 | _aValidado. Control de calidad MFF | ||
| 942 |
_2ddc _cLBS1 |
||
| 999 |
_c50472 _d50472 |
||